000 00974cam a2200385 4500500
005 20260329005107.0
041 _afre
042 _adc
100 1 0 _aLegros, Martin
_eauthor
245 0 0 _aLe non, un oui en puissance ?
260 _c2022.
500 _a23
690 _aAlain
690 _aAlbert O. Hirschman
690 _aBartleby
690 _aCamus
690 _acourage
690 _aDerrida
690 _aDésobéissance
690 _aDissidence
690 _aIdentité
690 _aIndividu
690 _aMelville
690 _aMeToo
690 _aOppression
690 _aPolitique
690 _aRébellion
690 _aRefus
690 _aRévolte
690 _aSécession
690 _aSubversion
690 _aTyrannie
786 0 _nPhilosophie magazine | 160 | 6 | 2022-06-01 | p. 23-24 | 1951-1787
856 4 1 _uhttps://shs.cairn.info/magazine-philosophie-magazine-2022-6-page-23?lang=fr&redirect-ssocas=7080
999 _c1840224
_d1840224